MARC

LEADER 00000nam0a2200000 4500
001 20916
005 20231101205404.0
035 |a (RuTPU)RU\TPU\book\21106 
035 |a BOOK00005795 
090 |a 20916 
100 |a 20011209d1977 m y0rusy50 ca 
101 0 |a rus 
102 |a RU 
105 |a a z 000zy 
200 1 |a Искусство Камбоджи  |e Альбом  |f сост. Н. И. Рыбакова 
210 |a Москва  |c Изобразительное искусство  |d 1977 
215 |a 121 с.  |c ил. 
606 1 |a Храмовая архитектура  |2 stltpush  |3 (RuTPU)RU\TPU\subj\17592  |9 43201 
606 1 |a Восточное искусство  |2 stltpush  |3 (RuTPU)RU\TPU\subj\68557  |9 83786 
610 1 |a искусство 
610 1 |a Камбоджи 
610 1 |a Кампучия 
610 1 |a архитектура 
610 1 |a кхемерская скульптура 
610 1 |a альбомы 
675 |a 7.032.1  |v 3 
675 |a 73(084)  |v 3 
675 |a 726  |v 3 
702 1 |a Рыбакова  |b Н. И.  |4 220 
801 0 |a RU  |b 63413507  |c 20011209  |g PSBO 
801 2 |a RU  |b 63413507  |c 20141029  |g PSBO 
942 |c BK